VÝSLEDKY TACHINOLOGICKÉHO PRIESKUMU ČACHTICKÉHO HRADU

Bibliographic Details
Main Author: Čepelák, Juraj, 1917-2000 (Author)
Format: Article
Language:Slovak

MARC

LEADER 00000nab a2200000uu 4500
001 vtls011452062
003 SK-MaSNL
005 20260303123333.0
008 230213|1962 xo |||||||||||||||||slo|
015 |a SNBRB 
035 |a (urnnbn)urn:nbn:sk:snk:ar-007ixi 
035 |a (uuid)0bd22972-c8a1-4c2e-8fd2-6ebb36c50c4d 
035 |a urn:nbn:sk:snk-abcnvp 
040 |a SNKBUCL  |b slo  |c SNKBUCL  |e AACR2 
041 0 |a slo 
044 |a xo  |c SK 
100 1 |a Čepelák, Juraj,  |d 1917-2000  |4 aut  |9 105320 
245 1 0 |a VÝSLEDKY TACHINOLOGICKÉHO PRIESKUMU ČACHTICKÉHO HRADU  |c Juraj Čepelák 
773 0 |t Biológia : časopis Slovenskej akadémie vied  |g Roč. 17, č. 11 (1962), s. 828-836 
954 |a odborná, vedecká literatúra pôvodná (slovenská)  |2 lita 
958 |a OND 
958 |a EUIPO 
958 |a article16 
999 |c 1925357  |d 1927287